ARRUPE JESUIT UNIVERSITY

CORONAVIRUS -STOP THE SPREAD - CLEAN,DISINFECT,COVER

The land of the golden trade (West Africa) (Record no. 119173)

MARC details
000 -LEADER
fixed length control field 01111cam a22003011 4500
001 - CONTROL NUMBER
control field 9628550
003 - CONTROL NUMBER IDENTIFIER
control field ARRUPE
005 - DATE AND TIME OF LATEST TRANSACTION
control field 20131210144056.0
008 - FIXED-LENGTH DATA ELEMENTS--GENERAL INFORMATION
fixed length control field 780914s1910 enkf 000 0 eng
010 ## - LIBRARY OF CONGRESS CONTROL NUMBER
LC control number 10014343
035 ## - SYSTEM CONTROL NUMBER
System control number (OCoLC)4223501
040 ## - CATALOGING SOURCE
Original cataloging agency DLC
Transcribing agency Ok
Modifying agency DLC
042 ## - AUTHENTICATION CODE
Authentication code premarc
050 00 - LIBRARY OF CONGRESS CALL NUMBER
Classification number SPC DT476
Item number .L3 1910
300 ## - PHYSICAL DESCRIPTION
Other physical details 12 col. pl. (incl. front.)
Dimensions 22 cm.
100 1# - MAIN ENTRY--PERSONAL NAME
Personal name Lang, John.
9 (RLIN) 5426
245 14 - TITLE STATEMENT
Title The land of the golden trade (West Africa)
Statement of responsibility, etc by John Lang with twelve reproductions from original drawings in colour, by A. D. M'Cormick, R. I.
260 ## - PUBLICATION, DISTRIBUTION, ETC. (IMPRINT)
Place of publication, distribution, etc London,
-- Edinburgh,
Name of publisher, distributor, etc T. C. & E. C. Jack,
Date of publication, distribution, etc 1910.
300 ## - PHYSICAL DESCRIPTION
Extent ix, [3], 314 p., 1 l. incl. maps.
490 0# - SERIES STATEMENT
Series statement Romance of empire series
500 ## - GENERAL NOTE
General note Title vignette.
500 ## - GENERAL NOTE
General note Series title also at head of title-page.
650 #0 - SUBJECT ADDED ENTRY--TOPICAL TERM
Topical term or geographic name as entry element Slave-trade
Geographic subdivision Africa, West.
9 (RLIN) 5427
650 #0 - SUBJECT ADDED ENTRY--TOPICAL TERM
Topical term or geographic name as entry element Adventure and adventurers.
9 (RLIN) 5428
651 #0 - SUBJECT ADDED ENTRY--GEOGRAPHIC NAME
Geographic name Africa, West
General subdivision Discovery and exploration.
9 (RLIN) 5429
700 1# - ADDED ENTRY--PERSONAL NAME
Personal name McCormick, Arthur David,
Dates associated with a name 1860-
Relator term illus.
9 (RLIN) 5430
906 ## - LOCAL DATA ELEMENT F, LDF (RLIN)
a 7
b cbc
c oclcrpl
d u
e ncip
f 19
g y-gencatlg
942 ## - ADDED ENTRY ELEMENTS (KOHA)
Source of classification or shelving scheme Library of Congress Classification
Koha item type REFERENCE
Holdings
Withdrawn status Lost status Source of classification or shelving scheme Damaged status Not for loan Home library Current library Shelving location Date acquired Total Checkouts Full call number Barcode Date last seen Price effective from Koha item type
    Library of Congress Classification     ARRUPE LIBRARY ARRUPE LIBRARY Reference 10/12/2013   SPC DT476 .L3 1910 464123132 10/12/2013 10/12/2013 REFERENCE

 

Arrupe Library. PO Box MP320 Mt Pleasant, Harare, Zimbabwe
263 242 745411|librarian@aju.ac.zw